[Event "IRL-ch 100th Weekday op"]
[Site "Dublin"]
[Date "2021.08.03"]
[Round "2"]
[White "O'Connell, Charlie"]
[Black "Connell, Kris"]
[Result "1-0"]
[WhiteElo "967"]
[BlackElo "700"]
[PlyCount "49"]
[EventDate "2021.08.02"]
[EventType "swiss"]
[EventRounds "5"]
[EventCountry "IRL"]
[SourceTitle "EXT 2022"]
[Source "ChessBase"]
[SourceDate "2021.10.06"]
[SourceVersion "1"]
[SourceVersionDate "2021.10.06"]
[SourceQuality "1"]

1. e4 e5 2. Nf3 Nc6 3. Bc4 Bc5 4. d3 d6 5. Ng5 Nh6 6. h3 f6 7. Qh5+ g6 8. Qxh6 fxg5 9. Bxg5 Ne7 10. 0-0 Qd7 11. Bf6 Ng8 12. Qg7 Qxg7 13. Bxg7 Bd7 14. Bxh8 Ne7 15. Bf6 Nc6 16. Nd2 Na5 17. c3 c6 18. Bg8 h6 19. b4 Bb6 20. bxa5 Bxa5 21. Nc4 Bxc3 22. Rab1 b5 23. Nxd6+ Kf8 24. Bf7 a6 25. Bxg6 1-0